Guide to LATEX / (Record no. 69380)
[ view plain ]
| 000 -LEADER | |
|---|---|
| fixed length control field | 01099nam a2200301 a 4500 |
| 001 - CONTROL NUMBER | |
| control field | 69380 |
| 003 - CONTROL NUMBER IDENTIFIER | |
| rucl marc code | BD-RjUL |
| 005 - DATE AND TIME OF LATEST TRANSACTION | |
| control field | 20211209081858.0 |
| 008 - FIXED-LENGTH DATA ELEMENTS--GENERAL INFORMATION | |
| fixed length control field | 170411s2004 maua b 001 0 eng |
| 020 ## - INTERNATIONAL STANDARD BOOK NUMBER | |
| International Standard Book Number | 0321173856 (pbk. : alk. paper) |
| International Standard Book Number | 9780321173850 (pbk. : alk. paper) |
| 035 ## - SYSTEM CONTROL NUMBER | |
| System control number | (BD-RjUL)69591 |
| 040 ## - CATALOGING SOURCE | |
| Original cataloging agency | DLC |
| Transcribing agency | DLC |
| Modifying agency | BD-RjUL |
| Language of cataloging | eng |
| 041 ## - LANGUAGE CODE | |
| Language code of text/sound track or separate title | eng |
| 082 00 - DEWEY DECIMAL CLASSIFICATION NUMBER | |
| Classification number | 686.22544536 |
| Edition number | 23 |
| Author mark and year | KOG 2004 |
| 100 1# - MAIN ENTRY--PERSONAL NAME | |
| Personal name | Kopka, Helmut. |
| 9 (RLIN) | 205543 |
| 245 10 - TITLE STATEMENT | |
| Title | Guide to LATEX / |
| Statement of responsibility, etc. | Helmut Kopka, Patrick W. Daly. |
| 250 ## - EDITION STATEMENT | |
| Edition statement | 4th ed. |
| 260 ## - PUBLICATION, DISTRIBUTION, ETC. (IMPRINT) | |
| Place of publication, distribution, etc. | Boston : |
| Name of publisher, distributor, etc. | Addison-Wesley, |
| Date of publication, distribution, etc. | c2004. |
| 300 ## - PHYSICAL DESCRIPTION | |
| Pagination | xii, 597 p. : |
| Illustrations | ill. ; |
| Size | 24 cm. + |
| Accompanying material | 1 CD-ROM (4 3/4 in.) |
| 490 1# - SERIES STATEMENT | |
| Series statement | Addison-Wesley series on tools and techniques for computer typesetting |
| 500 ## - GENERAL NOTE | |
| General note | Accompanying computer disk has title: "TEX Live 2003." |
| 504 ## - BIBLIOGRAPHY, ETC. NOTE | |
| Bibliography, etc | Includes bibliographical references (p. 557-558) and index. |
| 650 #0 - SUBJECT ADDED ENTRY--TOPICAL TERM | |
| Topical term or geographic name as entry element | Computerized typesetting. |
| 9 (RLIN) | 205544 |
| 700 1# - ADDED ENTRY--PERSONAL NAME | |
| Personal name | Daly, Patrick W. |
| 830 #0 - SERIES ADDED ENTRY--UNIFORM TITLE | |
| Uniform title | Addison-Wesley series on tools and techniques for computer typesetting. |
| 942 ## - ADDED ENTRY ELEMENTS (KOHA) | |
| Source of classification or shelving scheme | Dewey Decimal Classification |
| Koha item type | Books |
| Lost status | Source of classification or shelving scheme | Damaged status | Not for loan | Collection code | Permanent Location | Current Location | Shelving location | Date acquired | Source of acquisition | Cost, normal purchase price | Total Checkouts | Full call number | Date last seen | Copy number | Koha item type |
|---|---|---|---|---|---|---|---|---|---|---|---|---|---|---|---|
| Dewey Decimal Classification | Not For Loan | Non-fiction | Central Library, University of Rajshahi | Central Library, University of Rajshahi | Reading Room | 26/06/2013 | Association Business Corporation | 3110.00 | 686.22544536 KOG 2004 | 11/04/2017 | C-1 | Books |